Canzoni di Melons - Statistics

Statistiche generali
  • Questo quiz è stato fatto 3 volte
  • Il punteggio medio è 12 su 46
Statistiche sulle risposte
Album Anno Feat Risposta % Corretto
Osama 2 2024 Ddusi, Artie 5ive Dissennatori
67%
Osama 2 2024 Ddusi, Glocky Gangsta Love
67%
Osama 2024 - Osama
67%
Osama 3 (La Morte Di Osama) 2025 Ddusi Stellina
67%
Osama 3 (La Morte Di Osama) 2025 Ddusi Balloons
33%
- 2020 - Bed and breakfast
33%
Osama 3 (La Morte Di Osama) 2025 Ddusi, Boston Vng Caravan
33%
Osama 3 (La Morte Di Osama) 2025 Ddusi, RRARI DAL TACCO Controluce
33%
Osama 2 2024 Ddusi Dissing P
33%
- 2024 - Io non mi sento italiano
33%
Osama 2024 - Karaoke
33%
- 2023 - L'ultimo dei Moicani
33%
Osama 2024 - Man Down!
33%
- 2024 - Man Down 2!
33%
Osama 2 2024 Ddusi Man Down 3!
33%
Osama 3 (La Morte Di Osama) 2025 Ddusi Mareggiate
33%
Osama 3 (La Morte Di Osama) 2025 Ddusi, Faneto Mp3
33%
Osama 2 2024 Ddusi, Faneto, Glocky Nene
33%
Osama 3 (La Morte Di Osama) 2025 Ddusi, Artie 5ive Non Andare Via
33%
Osama 2 2024 Ddusi Pensarti Di Nuovo
33%
Osama 3 (La Morte Di Osama) 2025 Ddusi Petali (Osama 3)
33%
Osama 2024 - Peter Pan
33%
Osama 3 (La Morte Di Osama) 2025 Ddusi Piano Inferiore
33%
Osama 2 2024 Ddusi Prof. Di Sostegno
33%
Osama 3 (La Morte Di Osama) 2025 Ddusi Rubare
33%
- 2019 - Sotto le banlieue
33%
- 2020 - Sotto le banlieue 2
33%
Osama 3 (La Morte Di Osama) 2025 Ddusi, Neves17 Statistica
33%
Osama 2024 Nabi, Abby 6ix Tarda Nottata
33%
- 2024 Faneto Trench Code
33%
Osama 2 2024 Rondodasosa Trincee
33%
- 2023 - Avvisi di Sfratto
0%
- 2024 - Benedizioni
0%
Osama 3 (La Morte Di Osama) 2025 Ddusi Designer Drugs
0%
Osama 3 (La Morte Di Osama) 2025 Ddusi Fam
0%
- 2020 Clasho Miyagi, Jeanborghini, Canci Fare Presto
0%
Osama 2 2024 Ddusi Laurea Magistrale
0%
- 2020 - Moriresti Per Me
0%
Osama 2 2024 Ddusi Osama 2
0%
- 2020 Clasho Miyagi Real Hasta la Muerte
0%
Osama 3 (La Morte Di Osama) 2025 Ddusi Regime Di Terrore
0%
Osama 2 2024 Ddusi Sotto Pressione
0%
Osama 3 (La Morte Di Osama) 2025 Ddusi Stoopid
0%
- 2024 - Titoli di Spaccio
0%
Osama 2 2024 Ddusi, Faneto Twin Feelings
0%
- 2020 - Vuoi Dissare Me
0%
Nessun quiz corrispondente trovato
Distribuzione punteggi
Percentuale di utenti per punteggio
Percentile per numero di risposta
I tuoi punteggi nel tempo
Non hai fatto questo quiz